000 00669nam a22001937a 4500
999 _c61364
_d61364
005 20240223174549.0
008 240223s2019 tu ||||| |||| 00| 0 tur d
020 _a9789751141781x
041 _atur
080 _a821.512.162 Y-95
100 _aYurdakul, Ramazan Seyfi
_921282
245 _aAzerbaycan'dan Masallar :
_bAzerbaycan Folklorundan Masal Örnekleri /
_cRamazan Seyfi Yurdakul.
264 _aAnkara,
_c2019.
300 _a292 p. ;
_b24 cm.
521 _aნაჩუქარი
653 _aაზერბაიჯანული ზღაპარი
653 _aაზერბაიჯანული ფოლკლორი
942 _2udc
_cBK